[Event "CZE-chT2B 1213"]
[Site "Czech Republic"]
[Date "2013.02.17"]
[Round "9.6"]
[White "Nejedlo, Josef"]
[Black "Novotny, Jaroslav"]
[Result "0-1"]
[WhiteElo "1912"]
[BlackElo "2165"]
[PlyCount "48"]
[EventDate "2012.10.14"]
[EventType "team-tourn"]
[EventRounds "11"]
[EventCountry "CZE"]
[SourceTitle "EXT 2015"]
[Source "ChessBase"]
[SourceDate "2014.11.20"]
[SourceVersion "1"]
[SourceVersionDate "2014.11.20"]
[SourceQuality "1"]
[WhiteTeam "Decin"]
[BlackTeam "Jicin II"]
[WhiteTeamCountry "CZE"]
[BlackTeamCountry "CZE"]

1. e4 c5 2. Nc3 e6 3. g3 Nc6 4. Bg2 Nf6 5. Nge2 Be7 6. 0-0 0-0 7. f4 d5 8. exd5 exd5 9. d3 d4 10. Ne4 Nd5 11. Bf3 f5 12. Nf2 Be6 13. Nh3 h6 14. Kf2 Qd7 15. Re1 Rad8 16. Neg1 Bf6 17. Kg2 Rfe8 18. Bd2 Ne3+ 19. Bxe3 dxe3 20. Qc1 Nd4 21. Rxe3 Bd5 22. Rxe8+ Rxe8 23. Bxd5+ Qxd5+ 24. Kf1 Nf3 0-1

[Event "Decin Treybal op"]
[Site "Decin"]
[Date "2006.02.13"]
[Round "4"]
[White "Nejedlo, Josef"]
[Black "Libal, Frantisek"]
[Result "1/2-1/2"]
[WhiteElo "1916"]
[BlackElo "2002"]
[PlyCount "37"]
[EventDate "2006.01.23"]
[EventType "swiss"]
[EventRounds "9"]
[EventCountry "CZE"]
[SourceTitle "EXT 2008"]
[Source "ChessBase"]
[SourceDate "2007.11.25"]
[SourceVersion "1"]
[SourceVersionDate "2007.11.25"]
[SourceQuality "1"]

1. c4 Nf6 2. Nf3 c5 3. g3 d6 4. Bg2 g6 5. Nc3 Bg7 6. 0-0 0-0 7. d4 Na6 8. b3 Bd7 9. Bb2 Qc7 10. Qd2 cxd4 11. Nxd4 Rac8 12. e4 Nc5 13. Rfe1 a6 14. h3 e6 15. Rad1 Rcd8 16. Qc2 b6 17. Rd2 Bc8 18. Rde2 Bb7 19. Qd2 1/2-1/2

[Event "Decin Treybal op"]
[Site "Decin"]
[Date "2006.01.30"]
[Round "2"]
[White "Nejedlo, Josef"]
[Black "Varta, Jiri"]
[Result "1-0"]
[WhiteElo "1916"]
[BlackElo "1772"]
[PlyCount "71"]
[EventDate "2006.01.23"]
[EventType "swiss"]
[EventRounds "9"]
[EventCountry "CZE"]
[SourceTitle "EXT 2008"]
[Source "ChessBase"]
[SourceDate "2007.11.25"]
[SourceVersion "1"]
[SourceVersionDate "2007.11.25"]
[SourceQuality "1"]

1. c4 Nf6 2. Nf3 g6 3. g3 Bg7 4. Bg2 0-0 5. d4 c5 6. d5 e6 7. Nc3 exd5 8. cxd5 d6 9. 0-0 Re8 10. Nd2 Na6 11. e4 Bd7 12. Nc4 Qc7 13. a4 Bf8 14. Re1 Nb4 15. h3 a6 16. a5 Rad8 17. Bg5 Bg7 18. Bf4 Bb5 19. Nxd6 Rxd6 20. e5 Qd7 21. exd6 Rxe1+ 22. Qxe1 Nc2 23. Qc1 Nxa1 24. Qxa1 Ne8 25. Ne4 Bd4 26. Qc1 c4 27. Qd2 Ba7 28. Be3 Bb8 29. Bf4 Ba7 30. Qc3 Qd8 31. Bg5 Qc8 32. Nf6+ Nxf6 33. Qxf6 Qf5 34. Qxf5 gxf5 35. Bf1 Bc5 36. Be7 1-0

[Event "CZE-chT2b 0506"]
[Site "Czech Republic"]
[Date "2006.01.15"]
[Round "6"]
[White "Nejedlo, Josef"]
[Black "Vlcek, Josef"]
[Result "0-1"]
[WhiteElo "1916"]
[BlackElo "1933"]
[PlyCount "80"]
[EventDate "2005.10.16"]
[EventType "team"]
[EventRounds "11"]
[EventCountry "CZE"]
[SourceTitle "EXT 2009"]
[Source "ChessBase"]
[SourceDate "2008.11.26"]
[SourceVersion "1"]
[SourceVersionDate "2008.11.26"]
[SourceQuality "1"]

1. e4 c5 2. Nf3 d6 3. Bb5+ Bd7 4. Bxd7+ Qxd7 5. 0-0 Nc6 6. c3 Nf6 7. Re1 g6 8. d4 cxd4 9. cxd4 Bg7 10. Bg5 0-0 11. Qd2 Kh8 12. Nc3 Ng8 13. Rad1 f6 14. Bf4 Qg4 15. h3 Qc8 16. Rc1 g5 17. Bg3 g4 18. hxg4 Qxg4 19. Qf4 Qd7 20. Qh4 Nh6 21. Bf4 Nf7 22. Nd5 Qd8 23. Be3 e5 24. g3 exd4 25. Nxd4 Nfe5 26. Kg2 Rf7 27. Rh1 Qg8 28. Nf5 Ng6 29. Qh5 Bf8 30. Bh6 Nce7 31. Nxd6 Nxd5 32. Nxf7+ Qxf7 33. Qxd5 Qe7 34. Bxf8 Rxf8 35. f4 Rd8 36. Qf5 Rd2+ 37. Kf1 Kg7 38. Re1 Qb4 39. e5 Qc4+ 40. Kg1 Qd4+ 0-1

[Event "CZE-Cup12 corr"]
[Site "Czech Republic"]
[Date "1995.??.??"]
[Round "?"]
[White "Merlicek, Jiri"]
[Black "Nejedlo, Josef"]
[Result "1-0"]
[WhiteElo "2245"]
[BlackElo "2045"]
[PlyCount "69"]
[EventDate "1995.??.??"]
[EventType "tourn (corr)"]
[EventRounds "10"]
[EventCountry "CZE"]
[SourceTitle "Corr 2000"]
[Source "ChessBase"]
[SourceDate "2000.04.19"]
[SourceVersion "1"]
[SourceVersionDate "2000.04.19"]
[SourceQuality "1"]

1. e4 e5 2. Nf3 Nc6 3. Bb5 a6 4. Ba4 Nf6 5. 0-0 Nxe4 6. d4 b5 7. Bb3 d5 8. dxe5 Be6 9. c3 Nc5 10. Bc2 Bg4 11. Nbd2 Be7 12. Re1 d4 13. h3 Bh5 14. Nb3 d3 15. Bb1 Nxb3 16. axb3 Bg6 17. Be3 0-0 18. Bd4 Nxd4 19. cxd4 Bb4 20. Re3 c5 21. Bxd3 cxd4 22. Re2 Bc5 23. Bxg6 hxg6 24. Rc2 Bb6 25. Rc6 Re8 26. Qd3 Re7 27. Qe4 Raa7 28. e6 Rxe6 29. Rxe6 fxe6 30. Qxe6+ Kh7 31. Qg4 Qd5 32. Ng5+ Kg8 33. Re1 Ra8 34. Qh4 Kf8 35. Re6 1-0